000 00519nam a2200145 a 4500
001 000046533
005 20201002052935.0
008 150824s2015 000 spa d
020 _a9789945594102
040 _aDO-SdBNP
_bspa
_cBNPHU
100 1 _aSuárez, Edgardo
_974521
245 3 _aEl laboratorio escolar :. :
_bun espacio para la práctica y la construcción de conocimientos científicos /
_cEdgardo Suárez.
260 _aSanto Domingo, República Dominicana, :
_bINTEC,
_c2015.
300 _a33 p. :
_bil. ;
_c28 cm.
999 _c46022
_d46022